Paradigma e-commerce do roku 2030 bakalárska práca

Saved in:
Bibliographic Details
Main Author: Vargovič, Marek
Corporate Author: Obchodná fakulta EU. Katedra marketingu
Other Authors: Orgonáš, Jozef, 1957-
Format: Book
Language:Slovak
Published: Bratislava 2021
Tags: Add Tag
No Tags, Be the first to tag this record!

MARC

LEADER 00000nbm a2200000 4500
001 0275969
005 20220127122847.7
041 0 |a slo 
044 |a SK 
245 1 0 |a Paradigma e-commerce do roku 2030  |b bakalárska práca  |c Marek Vargovič ; školiteľ: Jozef Orgonáš 
264 1 |a Bratislava  |c 2021 
300 |a 41 s. 
100 1 |a Vargovič, Marek 
700 1 |a Orgonáš, Jozef, 1957- 
710 2 |a Obchodná fakulta EU. Katedra marketingu